|
|
|
|
| LEADER |
00000cam a2200000 7i4500 |
| 001 |
0000009959 |
| 002 |
000010849 |
| 005 |
20000330.0 |
| 020 |
|
|
|a 0861637755
|
| 090 |
0 |
0 |
|a JF
|b BLY
|
| 100 |
1 |
|
|a Blyton, Enid
|
| 245 |
1 |
4 |
|a The noah's ark lion
|c Enid Blyton ; Illustrated byFrancis Phillipps
|
| 260 |
|
|
|a London :
|b Award Publications ,
|c 1995
|
| 300 |
|
|
|a 30p. :
|b ill. ;
|c 18cm.
|
| 650 |
0 |
0 |
|a Children's stories
|
| 700 |
1 |
|
|a Phillipps, Francis ,
|e illustrated
|
| 999 |
|
|
|a 000577
|b BUKU
|c PINJAMAN
|e PERPUSTAKAAN KOMUNITI CAW KOTA DAMANSARA
|
| 999 |
|
|
|a 011998
|b BUKU
|c PINJAMAN
|e PERPUSTAKAAN KOMUNITI CAW KOTA DAMANSARA
|
| 999 |
|
|
|a 044996
|b BUKU
|c PINJAMAN
|e PERPUSTAKAAN KOMUNITI PETALING JAYA
|
| 999 |
|
|
|a 044997
|b BUKU
|c PINJAMAN
|e PERPUSTAKAAN KOMUNITI PETALING JAYA
|
| 999 |
|
|
|a 066317
|b BUKU
|c PINJAMAN
|e PERPUSTAKAAN KOMUNITI PETALING JAYA
|